Ίμερος

Αποθηκεύτηκε σε:
Λεπτομέρειες βιβλιογραφικής εγγραφής
Κύριος συγγραφέας: Χαραλαμπίδης, Κυριάκος, 1940-
Μορφή: Βιβλίο
Γλώσσα:Greek
Δημοσίευση: [Αθήνα] : Μεταίχμιο, c2012.
Σειρά:Ποίηση (Μεταίχμιο)
Θέματα:
Ετικέτες: Προσθήκη ετικέτας
Δεν υπάρχουν, Καταχωρήστε ετικέτα πρώτοι!

MARC

LEADER 00000cam a2200000 i 4500
001 1/38197
008 131112s2012 gr | ||| |||| ||gre||
020 |a 9789605017040 
035 |l 10115974 
040 |a GR-MY-UA  |b gre  |e aacr 
041 0 |a gre 
082 7 |a 889.92   |2 (22) 
100 1 |a Χαραλαμπίδης, Κυριάκος,   |d 1940- 
245 1 0 |a Ίμερος /   |c Κυριάκος Χαραλαμπίδης.  
260 |a [Αθήνα] :   |b Μεταίχμιο,   |c c2012.  
300 |a 61 σ. ;   |c 24 εκ. 
490 1 |a (Ποίηση / Μεταίχμιο) 
650 0 0 |a Greek literature, Modern  |z Cyprus. 
650 0 0 |a Greek poetry, Modern  |z Cyprus. 
830 0 |a Ποίηση (Μεταίχμιο) 
852 |a INST  |b RHODES  |e 20131112  |h 889.92 ΧΑΡ  |p 005400035776  |q 005400035776  |t BK  |y 0 
901 |a BIBL4-2013-3 
909 |a Ρ  |b 182285 
922 |a 4ΕΛΗ 
970 |z 2013/11/12